Coupes du Monde de Football: Suisse - Statistiques

Statistiques générales
  • Ce quiz a été pris 236 fois
    201 depuis la dernière actualisation
  • Le résultat moyen est 21 sur 28
Statistiques - réponses
Réponse % Correct
Brésil
98%
France
98%
Portugal
98%
Espagne
92%
Yougoslavie
92%
Argentine
90%
Serbie
90%
Cameroun
89%
Italie
89%
Suède
86%
Allemagne
85%
RFA
85%
Honduras
74%
Costa Rica
73%
Chili
72%
Angleterre
71%
Equateur
70%
Etats-Unis
70%
Ukraine
67%
Corée du Sud
64%
Autriche
63%
Colombie
62%
Mexique
57%
Pays-Bas
57%
Hongrie
55%
Tchécoslovaquie
49%
Roumanie
48%
Togo
43%
Aucun quiz correspondant
Distribution des résultats
% des personnes avec chaque résultat
Percentile par nombre de réponses
Votre historique - résultats
Vous n’avez pas pris ce quiz depuis la dernière actualisation